000 02115nam a22002177a 4500
999 _c57614
_d57614
003 Ge_BSU
005 20200818120306.0
008 200818s2018 ge ||||| |||| 00| 0 geo d
020 _a9789941960734
041 _ageo
080 _a342.743(479.22)(075.8) რ-72
100 _a როგავა, ზვიად
_99239
245 _aსაგადასახადო სამართალი :
_bდამხმარე სახელმძღვანელო. წ. 1, გადასახადები, გადასახადების სისტემა და საგადასახადო სამართალი. საგადასახადო სამართლის წყაროები. საგადასახადო-სამართლებრივი ურთიერთობების სუბიექტები. საგადასახადო ვალდებულება და მისი შესრულება. საგადასახადო დავალიანების გადახდევინების უზრუნველყოფა. საერთაშორისო ორმაგი დაბეგვრა /
_cზვიად როგავა ; რედაქტორი მაია კოპალეიშვილი.
264 _aთბილისი :
_bიურისტების სამყარო,
_c2018.
300 _a520 გვ.
_b25 სმ.
500 _a თავფურცლის მე-3 გვერდი ინგლისურ ენაზე.
504 _a ბიბლიოგრაფია ტექსტის შენიშვნებში.
653 _a საქართველოს საგადასახადო სამართალი -- სახელმძღვანელოები უმაღლესი სასწავლებლებისათვის.
700 _aკოპალეიშვილი, მაია
_eრედაქტორი
_99240
942 _2udc
_cBK